Strategic management

Bibliographic Details
Main Authors: Miller, Alex (Author), Dess, Gregory G. (Author)
Format: Book
Language:English
Published: New York : McGraw Hill 1996
Edition:Second Edition
Subjects:

MARC

LEADER 00000cam a2200000 7i4500
001 0000000883
005 20240919.0
008 991124 nyu a eng
020 |a 0070427917 
040 |a INS   |b eng   |e rda 
090 0 0 |a HD30.28   |b .D474 1996 
100 1 |a Miller, Alex ,   |e author 
245 1 0 |a Strategic management   |c Alex Miller, Gregory G. Dess 
250 |a Second Edition 
264 1 |a New York :   |b McGraw Hill   |c 1996 
300 |a 122 pages :   |b illustrations ;   |c 23 cm. 
336 |a text  |2 rdacontent 
337 |a unmediated  |2 rdamedia 
338 |a volume  |2 rdacarrier 
504 |a Includes bibliographical references and index 
650 0 |a Strategic planning 
650 0 |a Strategic planning   |x Case studies 
700 1 |a Dess, Gregory G. ,   |e author 
999 |a 0000006613   |b BOOK   |c Open Shelf   |e Default branch